STOCK MARKET DICTIONARY (Record no. 283010)

MARC details
000 -LEADER
fixed length control field 00355pam a2200157a 44500
008 - FIXED-LENGTH DATA ELEMENTS--GENERAL INFORMATION
fixed length control field 230405s1997 xxu||||| |||| 00| 0 eng d
041 ## - LANGUAGE CODE
Language code of text/sound track or separate title ENG
100 ## - MAIN ENTRY--PERSONAL NAME
Personal name SHROFF PRAVEEN N
245 ## - TITLE STATEMENT
Title STOCK MARKET DICTIONARY
250 ## - EDITION STATEMENT
Edition statement 1997
260 ## - PUBLICATION, DISTRIBUTION, ETC.
Place of publication, distribution, etc. NULL
Name of publisher, distributor, etc. MIR PUB,MOSCOW
Date of publication, distribution, etc. 1997
300 ## - PHYSICAL DESCRIPTION
Extent 135
650 ## - SUBJECT ADDED ENTRY--TOPICAL TERM
Topical term or geographic name entry element DICTIONARY
690 ## - LOCAL SUBJECT ADDED ENTRY--TOPICAL TERM (OCLC, RLIN)
Topical term or geographic name as entry element MBA
906 ## - LOCAL DATA ELEMENT F, LDF (RLIN)
a 2199
Holdings
Withdrawn status Lost status Damaged status Not for loan Collection Home library Current library Shelving location Date acquired Source of acquisition Cost, normal purchase price Total Checkouts Full call number Barcode Date last seen Price effective from Koha item type
          Yashwantrao Mohite Institute of Management, Karad Yashwantrao Mohite Institute of Management, Karad   09/12/1998 DILIP BOOK AGENCY,KOLHAPUR 50.00   4 YMK-MBK-3592 17/04/2023 17/04/2023 Book